Los juegos en el currículum de la educación física : más de 1000 juegos para el desarrollo motor /

Detalles Bibliográficos
Autores principales: Méndez Giménez, Antonio (Autor), Méndez Giménez, Carlos (Autor)
Formato: Electrónico eBook
Lenguaje:español
Publicado: [Barcelona] : Paidotribo, [2019]
Edición:5a edición.
Materias:
Acceso en línea:Digitalia Hispánica

MARC

LEADER 00000nam a2200000Ii 4500
001 DIGEDPBR0223
003 NyNyDIG
006 m o d
007 cr |||||||||||
008 260105s2019 sp a o 000 0 spa d
035 |a (OCoLC)1570096731 
040 |a DGITA  |b eng  |e rda  |e pn  |c DGITA 
020 |a 9788499107868  |q ePub 
020 |z 9788480192835 
050 1 4 |a GV341 ebook 
100 1 |a Méndez Giménez, Antonio,  |e author. 
245 1 4 |a Los juegos en el currículum de la educación física :  |b más de 1000 juegos para el desarrollo motor /  |c Antonio Méndez Giménez, Carlos Méndez Giménez. 
250 |a 5a edición. 
264 1 |a [Barcelona] :  |b Paidotribo,  |c [2019] 
300 |a 1 online resource. 
336 |a text  |b txt  |2 rdacontent 
337 |a computer  |b c  |2 rdamedia 
338 |a online resource  |b cr  |2 rdacarrier 
347 |a text file  |2 rdaft 
347 |b EPUB 
588 0 |a Online resource; title from ePub title page (Digitalia, viewed January 5, 2026) 
650 0 |a Physical education and training. 
650 0 |a Exercise. 
700 1 |a Méndez Giménez, Carlos,  |e author. 
791 2 |a Digitalia (Firm),  |e distributor. 
793 0 |g Digitalia eBook Collection:  |a Editorial Paidotribo 
776 0 8 |i Print version:  |a Méndez Giménez, Antonio.  |t Juegos en el currículum de la educación física.  |b 5a edición, 8a reimpresión.  |d [Barcelona] : Paidotribo, [2019]  |z 9788480192835 
856 4 0 |3 Digitalia Hispánica  |u https://www.digitaliapublishing.com/a/159872/ 
910 |a Premium collection: 2026